000 00695nam a2200217Ia 4500
003 GCL
008 140319s9999 xx 000 0 ara d
040 _aGCL /
_cGCL
082 0 4 _a792.9
_bج د
100 1 _aهناء عبدالفتاح
245 1 0 _aدروس من مسرح جروتوفسكى التجريبيى /
_cهناء عبدالفتاح
700 1 _aجروتوفسكى، بيجى
300 _a100 ص
490 _aالهيئة العامة للاستعلامات
_v0
650 0 4 _aالمسرح
650 0 4 _aالمسرحيات
650 0 4 _aالمسرح التجريبى
650 0 4 _aالمسرحيات التجريبية
650 0 4 _aتاريخ ونقد
942 _2ddc
_cBK
999 _c48456
_d48456